|
|
|
|
| LEADER |
00861nam a2200217 a 4500 |
| 001 |
GR-MES8574 |
| 008 |
020905s enk 000 0 gre d |
| 020 |
|
|
|a 0850132320
|
| 040 |
|
|
|a GrPaTEI
|b gre
|c GR-PaULI
|
| 040 |
|
|
|a GrPaTEI
|b gre
|c GR-PaULI
|
| 245 |
0 |
0 |
|a How to take the fog out of business writing /
|c Robert Gunning / Richard Kallan.
|
| 260 |
|
|
|a London :
|b The Dartnell corporation,
|c 1994
|
| 300 |
|
|
|a 126 σελ. :
|b εικ.
|
| 650 |
|
4 |
|a Ρητορική
|
| 650 |
|
4 |
|a ΤΕΧΝΙΚΗ ΦΙΛΟΛΟΓΙΑ
|
| 700 |
1 |
|
|a GUNNING, ROBERT
|
| 700 |
1 |
|
|a KALLAN, RICHARD
|
| 942 |
|
|
|2 ddc
|
| 952 |
|
|
|0 0
|1 0
|2 ddc
|4 0
|6 808_066000000000000_512_0_GUN
|7 0
|9 278907
|a MSLG
|b MSLG
|c BSC
|d 2021-01-17
|e 24
|f 0
|g 0.00
|l 0
|o 808.066 512 0 GUN
|p 2420000015027
|r 2021-01-17 00:00:00
|t 1
|w 2021-01-17
|y BK15
|x 20020905 0 1
|x GrPaTEI
|
| 971 |
|
|
|a .b25870452
|b 15-04-20
|c 14-09-16
|
| 999 |
|
|
|c 162438
|d 162438
|